[Event "Pan American-ch U20"]
[Site "Vila Santa Cecilia"]
[Date "2023.11.07"]
[Round "3.1"]
[White "Reyes Zavaleta, Fabian Ricardo"]
[Black "Soriano Quispe, Ivan Excender"]
[Result "0-1"]
[WhiteElo "2122"]
[BlackElo "2214"]
[PlyCount "78"]
[EventDate "2023.11.06"]
[EventType "swiss"]
[EventRounds "9"]
[EventCountry "BRA"]
[SourceTitle "CB46_2023"]
[SourceDate "2023.11.15"]
[SourceVersion "1"]
[SourceVersionDate "2023.11.15"]
[SourceQuality "1"]

1. d4 d5 2. c4 e6 3. Nf3 a6 4. cxd5 exd5 5. Nc3 Nf6 6. Bg5 Be6 7. e3 Nbd7 8. Bd3 Bd6 9. 0-0 0-0 10. Qc2 h6 11. Bh4 c5 12. dxc5 Nxc5 13. Rad1 Rc8 14. Qb1 b5 15. a3 Nxd3 16. Qxd3 Be7 17. Nd4 Qd7 18. f4 Qd6 19. Nf5 Bxf5 20. Qxf5 Qe6 21. Qxe6 fxe6 22. f5 g5 23. fxg6 Kg7 24. Ne2 Bc5 25. Nd4 Bxd4 26. exd4 Ne4 27. Rxf8 Kxf8 28. Be1 Kg7 29. h4 Kxg6 30. Bd2 Rc2 31. Bf4 Rxb2 32. Rc1 h5 33. Rc6 a5 34. Bc7 b4 35. axb4 axb4 36. Rxe6+ Kf7 37. Re5 Rc2 38. Bd8 b3 39. Re7+ Kf8 0-1

[Event "Asuncion CIT op"]
[Site "Asuncion"]
[Date "2023.08.13"]
[Round "3"]
[White "Di Berardino, Diego Rafael"]
[Black "Soriano Quispe, Ivan Excender"]
[Result "1-0"]
[WhiteElo "2479"]
[BlackElo "2195"]
[PlyCount "69"]
[EventDate "2023.08.12"]
[EventType "swiss"]
[EventRounds "9"]
[EventCountry "PAR"]
[SourceTitle "CBM 215 Extra"]
[Source "ChessBase"]
[SourceDate "2023.09.30"]
[SourceVersion "1"]
[SourceVersionDate "2023.09.30"]
[SourceQuality "1"]

1. d4 d5 2. c4 e6 3. Nc3 Nf6 4. cxd5 Nxd5 5. Nf3 c5 6. e3 Nc6 7. Bd3 cxd4 8. exd4 Be7 9. 0-0 0-0 10. Re1 Nf6 11. a3 b6 12. Bc2 Bb7 13. Qd3 Rc8 14. d5 exd5 15. Bg5 g6 16. Rxe7 Qxe7 17. Nxd5 Nxd5 18. Bxe7 Ncxe7 19. Bb3 Rcd8 20. Rd1 Rd6 21. Ng5 h6 22. Ne4 Re6 23. Nc3 Re8 24. h4 Rd8 25. Qf3 Re5 26. Qg3 Rf5 27. Bc2 Rf6 28. h5 Kg7 29. hxg6 fxg6 30. Nxd5 Nxd5 31. Qe5 Rd7 32. Bb3 Re7 33. Qd4 Rd7 34. Re1 g5 35. Re5 1-0

[Event "Titled Tuesday intern op 30th Aug Early"]
[Site "Chess.com INT"]
[Date "2022.08.30"]
[Round "9"]
[White "Soriano Quispe, Ivan Excender"]
[Black "Kostiukov, Alexandr"]
[Result "0-1"]
[WhiteElo "2046"]
[BlackElo "2271"]
[PlyCount "58"]
[EventDate "2022.08.30"]
[EventType "swiss (blitz)"]
[EventRounds "11"]
[EventCountry "USA"]
[SourceTitle "EXT 2023"]
[Source "ChessBase"]
[SourceDate "2022.10.05"]
[SourceVersion "1"]
[SourceVersionDate "2022.10.05"]
[SourceQuality "1"]

1. e4 c5 2. Nf3 g6 3. d4 cxd4 4. Qxd4 Nf6 5. e5 Nc6 6. Qa4 Nd5 7. Qe4 Ndb4 8. a3 d5 9. exd6 Bf5 10. dxe7 Bxe7 11. Qxb4 Bxb4+ 12. axb4 Nxb4 13. Bb5+ Bd7 14. Bxd7+ Qxd7 15. Na3 Qe6+ 16. Be3 Nd5 17. 0-0 Nxe3 18. fxe3 Qxe3+ 19. Kh1 0-0 20. Rad1 Rad8 21. Rde1 Qb6 22. b3 Qc5 23. Nc4 b5 24. Ne3 Rfe8 25. Ng4 Rxe1 26. Nxe1 Rd1 27. Nf6+ Kg7 28. Ne8+ Kf8 29. Nf6 Qe7 0-1

[Event "Titled Tuesday intern op 13th Oct"]
[Site "Chess.com INT"]
[Date "2020.10.13"]
[Round "8"]
[White "Omariev, Maksim"]
[Black "Soriano Quispe, Ivan Excender"]
[Result "0-1"]
[WhiteElo "2304"]
[BlackElo "2042"]
[PlyCount "96"]
[EventDate "2020.10.13"]
[EventType "swiss (blitz)"]
[EventRounds "10"]
[EventCountry "USA"]
[SourceTitle "CBM 198 Extra"]
[Source "ChessBase"]
[SourceDate "2020.11.30"]
[SourceVersion "1"]
[SourceVersionDate "2020.11.30"]
[SourceQuality "1"]

1. g4 e5 2. Bg2 d6 3. d4 exd4 4. Qxd4 Nc6 5. Qe3+ Be7 6. Bd2 Be6 7. Nc3 Qd7 8. g5 h6 9. h4 hxg5 10. hxg5 Rxh1 11. Bxh1 d5 12. Nb5 a6 13. Nd4 Nxd4 14. Qxd4 Kf8 15. Bc3 f6 16. 0-0-0 Rd8 17. e3 Qd6 18. Nf3 b5 19. b3 a5 20. Bb2 a4 21. Nh4 axb3 22. axb3 c5 23. Ng6+ Kf7 24. Nh8+ Ke8 25. Qh4 fxg5 26. Qh5+ Kd7 27. Nf7 Nf6 28. Bxf6 Bxf7 29. Qxf7 Qxf6 30. Rxd5+ Kc7 31. Qxf6 gxf6 32. Rxd8 Kxd8 33. Kd2 Kc7 34. Kd3 Kd6 35. Ke4 Ke6 36. Bf3 f5+ 37. Kd3 Ke5 38. Bc6 b4 39. Bd7 g4 40. Kc4 Bh4 41. f4+ gxf3 42. Kd3 Be1 43. Bc6 f2 44. Ke2 f4 45. exf4+ Kxf4 46. Bb7 Ke5 47. Bc6 Kf4 48. Bb7 Kg3 0-1

[Event "Titled Tuesday intern op 13th Oct"]
[Site "Chess.com INT"]
[Date "2020.10.13"]
[Round "6"]
[White "Soriano Quispe, Ivan Excender"]
[Black "Sapunov, Evgeny"]
[Result "0-1"]
[WhiteElo "2042"]
[BlackElo "2461"]
[PlyCount "60"]
[EventDate "2020.10.13"]
[EventType "swiss (blitz)"]
[EventRounds "10"]
[EventCountry "USA"]
[SourceTitle "CBM 198 Extra"]
[Source "ChessBase"]
[SourceDate "2020.11.30"]
[SourceVersion "1"]
[SourceVersionDate "2020.11.30"]
[SourceQuality "1"]

1. e4 c5 2. Nf3 d6 3. d4 cxd4 4. Nxd4 Nf6 5. Nc3 Nc6 6. Bg5 e6 7. Qd2 a6 8. 0-0-0 h6 9. Bh4 Nxe4 10. Nxe4 Qxh4 11. f3 d5 12. Nxc6 bxc6 13. Qc3 Qf4+ 14. Kb1 Qc7 15. Nc5 e5 16. Bd3 Bd6 17. g4 0-0 18. g5 hxg5 19. Rhg1 Qe7 20. Nb3 Bd7 21. Qd2 f5 22. Rxg5 e4 23. Rdg1 Rf7 24. Be2 Be5 25. fxe4 fxe4 26. Bh5 Rf5 27. Rxf5 Bxf5 28. Nd4 Bd7 29. Ne2 Rb8 30. c3 Qf6 0-1

[Event "Speed Chess Super Swiss"]
[Site "Chess.com INT"]
[Date "2020.10.03"]
[Round "15"]
[White "Soriano Quispe, Ivan Excender"]
[Black "Gabrielian, Artur"]
[Result "0-1"]
[WhiteElo "2042"]
[BlackElo "2458"]
[PlyCount "46"]
[EventDate "2020.10.03"]
[EventType "swiss (blitz)"]
[EventRounds "15"]
[EventCountry "USA"]
[SourceTitle "CBM 198 Extra"]
[Source "ChessBase"]
[SourceDate "2020.11.30"]
[SourceVersion "1"]
[SourceVersionDate "2020.11.30"]
[SourceQuality "1"]

1. e4 c5 2. Nf3 d6 3. d4 cxd4 4. Nxd4 Nf6 5. Nc3 Nc6 6. Bg5 e6 7. Qd2 a6 8. 0-0-0 Bd7 9. f4 Be7 10. Be2 h6 11. Bh4 b5 12. Bf3 Rc8 13. Nce2 Qc7 14. Kb1 Nxe4 15. Bxe4 Bxh4 16. Bxc6 Bxc6 17. Nxc6 Qxc6 18. Qxd6 Qxc2+ 19. Ka1 Bf6 20. Qd7+ Kf8 21. Rb1 Rd8 22. Rhc1 Bxb2+ 23. Rxb2 Qxc1+ 0-1

[Event "Speed Chess Super Swiss"]
[Site "Chess.com INT"]
[Date "2020.10.03"]
[Round "11"]
[White "Soriano Quispe, Ivan Excender"]
[Black "Purtseladze, Maka"]
[Result "1-0"]
[WhiteElo "2042"]
[BlackElo "2274"]
[PlyCount "82"]
[EventDate "2020.10.03"]
[EventType "swiss (blitz)"]
[EventRounds "15"]
[EventCountry "USA"]
[SourceTitle "CBM 198 Extra"]
[Source "ChessBase"]
[SourceDate "2020.11.30"]
[SourceVersion "1"]
[SourceVersionDate "2020.11.30"]
[SourceQuality "1"]

1. d4 Nf6 2. Nf3 e6 3. c4 d5 4. Nc3 Bb4 5. Qa4+ Nc6 6. e3 0-0 7. Bd3 dxc4 8. Bxc4 a6 9. Qc2 Bd6 10. 0-0 Qe7 11. e4 e5 12. d5 Nd4 13. Qd3 b5 14. Bb3 Nxb3 15. axb3 Bg4 16. Bg5 h6 17. Bh4 Rfc8 18. Rfd1 Bc5 19. Bg3 Bd6 20. Ra2 Nh5 21. Rda1 Nxg3 22. hxg3 b4 23. Ne2 c6 24. Rxa6 Rxa6 25. Rxa6 cxd5 26. Qxd5 Bxf3 27. gxf3 Bc5 28. Kg2 Kh7 29. Rc6 Rxc6 30. Qxc6 f6 31. Nc1 Bd4 32. Nd3 Qa7 33. Qc4 Qa2 34. Qxb4 Qb1 35. Qd2 h5 36. b4 Qa2 37. f4 Qb3 38. fxe5 fxe5 39. Qe2 g6 40. Qf3 Kh6 41. Nxe5 Kh7 1-0

[Event "Speed Chess Super Swiss"]
[Site "Chess.com INT"]
[Date "2020.10.03"]
[Round "13"]
[White "Tanenbaum, Zachary Chen"]
[Black "Soriano Quispe, Ivan Excender"]
[Result "0-1"]
[WhiteElo "2137"]
[BlackElo "2042"]
[PlyCount "108"]
[EventDate "2020.10.03"]
[EventType "swiss (blitz)"]
[EventRounds "15"]
[EventCountry "USA"]
[SourceTitle "CBM 198 Extra"]
[Source "ChessBase"]
[SourceDate "2020.11.30"]
[SourceVersion "1"]
[SourceVersionDate "2020.11.30"]
[SourceQuality "1"]

1. e4 e5 2. Nf3 Nc6 3. Bc4 Bc5 4. c3 Nf6 5. d3 0-0 6. Nbd2 d5 7. exd5 Nxd5 8. Ne4 Be7 9. 0-0 Kh8 10. Re1 f6 11. d4 exd4 12. Nxd4 Nxd4 13. Qxd4 Nb6 14. Qxd8 Rxd8 15. Bb3 a5 16. Ng5 fxg5 17. Rxe7 a4 18. Bc2 Bf5 19. Bxg5 Bxc2 20. Rxc7 Rd7 21. Rxd7 Nxd7 22. Re1 h6 23. Bh4 Bg6 24. Re7 Re8 25. f4 Rxe7 26. Bxe7 Bf7 27. a3 Nb6 28. f5 Nc4 29. f6 Nxb2 30. fxg7+ Kxg7 31. Kf2 Nd1+ 32. Ke2 Nxc3+ 33. Kd3 Nd5 34. Bd6 Kf6 35. g4 Ke6 36. Bf8 Nf6 37. Bxh6 Nxg4 38. Bf4 b5 39. Kc3 Kd5 40. h4 Nf6 41. Bb8 Ne4+ 42. Kb4 Kc6 43. Bf4 Nf6 44. Bg5 Nd5+ 45. Ka5 Kc5 46. Bh6 Kc4 47. Bf8 Ne3 48. Be7 Nf5 49. Bf6 Be8 50. h5 Bxh5 51. Bg5 Be8 52. Bc1 Nd4 53. Bb2 Nc2 54. Bf6 Kb3 0-1

[Event "Titled Tuesday intern op 08th Sept"]
[Site "Chess.com INT"]
[Date "2020.09.08"]
[Round "7"]
[White "Tristan, Leonardo"]
[Black "Soriano Quispe, Ivan Excender"]
[Result "1-0"]
[WhiteElo "2535"]
[BlackElo "2042"]
[PlyCount "61"]
[EventDate "2020.09.08"]
[EventType "swiss (blitz)"]
[EventRounds "10"]
[EventCountry "USA"]
[SourceTitle "CBM 198 Extra"]
[Source "ChessBase"]
[SourceDate "2020.11.30"]
[SourceVersion "1"]
[SourceVersionDate "2020.11.30"]
[SourceQuality "1"]

1. d4 d5 2. Bf4 e6 3. e3 Nf6 4. Nf3 Bd6 5. Bg3 0-0 6. c4 c6 7. Nc3 Qe7 8. Qc2 Nbd7 9. cxd5 exd5 10. Bd3 Re8 11. Bh4 Nf8 12. 0-0-0 Bg4 13. Rde1 b5 14. e4 Bxf3 15. gxf3 Bf4+ 16. Kb1 Ng6 17. Bg3 Nh5 18. e5 b4 19. Ne2 Bh6 20. Rhg1 Rac8 21. Bf5 Rc7 22. Bg4 Nxg3 23. hxg3 c5 24. f4 cxd4 25. Qd3 b3 26. axb3 Rb8 27. Nxd4 Qb4 28. Rc1 Rxc1+ 29. Rxc1 Nxe5 30. Qf5 Qxd4 31. Rc8+ 1-0

[Event "Titled Tuesday intern op 01st Sept"]
[Site "Chess.com INT"]
[Date "2020.09.01"]
[Round "2"]
[White "Ubiennykh, Ekaterina"]
[Black "Soriano Quispe, Ivan Excender"]
[Result "1-0"]
[WhiteElo "2331"]
[BlackElo "2042"]
[PlyCount "83"]
[EventDate "2020.09.01"]
[EventType "swiss (blitz)"]
[EventRounds "10"]
[EventCountry "USA"]
[SourceTitle "CBM 198 Extra"]
[Source "ChessBase"]
[SourceDate "2020.11.30"]
[SourceVersion "1"]
[SourceVersionDate "2020.11.30"]
[SourceQuality "1"]

1. d4 Nf6 2. Nf3 e6 3. c4 d5 4. Nc3 c6 5. g3 dxc4 6. a4 Bb4 7. Qc2 b5 8. Bg2 Bb7 9. 0-0 a6 10. e4 0-0 11. Bg5 Be7 12. Rfd1 Nbd7 13. e5 Nd5 14. Ne4 Bxg5 15. Nexg5 g6 16. h4 c5 17. h5 cxd4 18. hxg6 d3 19. gxh7+ Kh8 20. Qd2 Qb6 21. Ne4 Ne7 22. Nf6 Bxf3 23. Bxf3 Nxe5 24. Bg2 Rad8 25. Re1 N5g6 26. Re4 Nf5 27. Rg4 Rd4 28. Ne4 b4 29. Qg5 Qd8 30. Qd2 Ne5 31. Rg8+ Rxg8 32. hxg8Q+ Qxg8 33. Qxb4 Rxe4 34. Bxe4 Nd4 35. Kg2 Qg4 36. Rh1+ Kg7 37. Rh7+ Kf6 38. Rh6+ Kg5 39. Rh4 Qd1 40. Qe7+ f6 41. Qg7+ Ng6 42. f4# 1-0

[Event "Titled Tuesday intern op 18th Aug"]
[Site "Chess.com INT"]
[Date "2020.08.18"]
[Round "3"]
[White "Karavaeva, Olga"]
[Black "Soriano Quispe, Ivan Excender"]
[Result "0-1"]
[WhiteElo "2260"]
[BlackElo "2042"]
[PlyCount "58"]
[EventDate "2020.08.18"]
[EventType "swiss (blitz)"]
[EventRounds "10"]
[EventCountry "USA"]
[SourceTitle "CBM 197 Extra"]
[Source "ChessBase"]
[SourceDate "2020.09.30"]
[SourceVersion "1"]
[SourceVersionDate "2020.09.30"]
[SourceQuality "1"]

1. c4 Nf6 2. Nc3 e6 3. e4 c5 4. e5 Ng8 5. Nf3 Nc6 6. g3 Nge7 7. Ne4 Ng6 8. Nd6+ Bxd6 9. exd6 Qb6 10. Qb3 Qxb3 11. axb3 Nb4 12. Kd1 b6 13. Bg2 Bb7 14. Re1 0-0 15. Re3 f6 16. Ne1 Bxg2 17. Nxg2 Ne5 18. d4 cxd4 19. Re4 d3 20. Bd2 Nbc6 21. b4 f5 22. Rxe5 Nxe5 23. c5 Rfc8 24. Rc1 Rab8 25. Be3 bxc5 26. Bxc5 a6 27. Kd2 Nc6 28. Rc4 Rb5 29. Kxd3 Ne5+ 0-1